Využívanie partnerstva ako kľúčového marketingového nástroja v rozvoji miest a obcí
Guardado en:
| Autor principal: | |
|---|---|
| Formato: | Capítulo de libro |
| Lenguaje: | eslovaco |
| Etiquetas: |
Sin Etiquetas, Sea el primero en etiquetar este registro!
|
MARC
| LEADER | 00000naa$a2200000$$$4500 | ||
|---|---|---|---|
| 001 | 0065109 | ||
| 005 | 20240502071752.6 | ||
| 041 | 0 | |a slo | |
| 044 | |a SK | ||
| 245 | 1 | 0 | |a Využívanie partnerstva ako kľúčového marketingového nástroja v rozvoji miest a obcí |c Štefan Žák |
| 100 | 1 | |a Žák, Štefan, 1971- | |